000 00679nam a2200265Ia 4500
005 20260121170053.0
008 008 260114s9999 xx 000 0 eng d
020 _a9789811025228
037 _aEBOOK
040 _aCRL
040 _beng
040 _cCRL
041 _2eng
041 _aeng
084 _qCRL
100 _aK. Sahayaraj, R. Balasubramanian
_91059458
245 0 _aArtificial Rearing of Reduviid Predators for Pest Management
260 _bSpringer
260 _bSpringer
260 _c2016
856 _uhttps://link.springer.com/openurl?genre=book&isbn=978-981-10-2522-8
942 _cEBOOK
999 _c1625187
_d1625187